000 00865nam a2200253 a 4500
001 BRL_561
005 20190320210812.0
008 030913s1950----mx-a######---#000-0#spa-#
041 _aspa
044 _amx
050 4 _aF1219
_b.A94 1950
100 1 _aAveleyra Arroyo de Anda, Luis
_924017
245 1 0 _aPrehistoria de México
_brevisión de prehistoria mexicana: el hombre de Tepexpan y sus problemas.
_cLuis Aveleyra Arroyo de Anda ; prólogos de W. du Solier y Pablo Martínez del Río
260 _aMéxico
_bEdiciones Mexicanas
_c1950
300 _a167 p.
_b24 láminas
_c23 cm.
500 _aAu625
504 _aBibliografía: p. 159-167
650 1 4 _aHombre prehistórico
_zMéxico
_924018
651 4 _aMéxico
_xAntigüedades
_92765
700 1 _aDu Solier, W.
_924295
700 1 _aMartínez del Río, Pablo
_918188
902 _aGRL
942 _2lcc
_cB
999 _c9373
_d9373